000 00643nam a2200181Ia 4500
008 090123s9999 xx 000 0 und d
082 _b33226
100 _aदेशपांडे पुरूषोत्तम लक्ष्मण
245 _aअघळ-पघळ
250 _a2
260 _bमौज प्रि.ब्यूरो
_c2001
300 _a177
600 _aदेशपांडे पुरूषोत्तम लक्ष्मण
630 _aअघळ-पघळ
700 _aदेशपांडे पुरूषोत्तम लक्ष्मण
730 _aअघळ-पघळ
942 _cBOOK
999 _c71285
_d71285